00744nam a22003492 4500001001100000005001700011008004100028020001300069040001500082100004100097245007900138260003200217300002000249650003500269650004200304852000300346852000300349852000300352852000300355852000300358852000300361852000300364852000300367852000300370852000300373852000300376852000300379852000300382852000300385852000300388852000300391000000912620151217154408.0080904s xx 000 0 eng d cKES 2090 aKABUcKABU1 aHarvey, William Burnett.@000016033710aIntroduction to the legal system in East Africa /cWilliam Burnett Harvey. aNairobi :bK. L. B.,c1975. axxxiii, 902 p. 0aLawzAfrica, East.@0000160338 0aLawxCaseszAfrica, East.@00001603391 1 1 1 1 1 1 1 1 1 1 1 1 1 1 1